000 00738nas a2200241 4500
001 BR7704292
003 BR-BrBNA
005 20231205083223.0
007 ta
008 230509b bl.|||p| |||| 00| 00por d
040 _aBR-BrBNA
_bpor
_cBiblioteca Nacional de Agricultura
041 _a(Pt)
072 _aF00; E70
100 1 _aKuga, K.
245 1 _aMamao paraense faz sucesso em Sao Paulo [Carica papaya, controle de qualidade, Brasil]
650 _aMAMAO
650 _aPRATICA CULTURAL
650 _aCONTROLE DE QUALIDADE
650 _aMERCADO NACIONAL
773 0 _tDirigente Rural (Brazil)
_xISSN 0012-3374
_g(Mar 1977), v. 16(3-4) p. 30,36-41
_wBR7704292
909 _a202311
_bLúcia
_c55
_dLúcia Elande
942 _2AGRIS
_n0
_cANA
999 _c97248
_d97248